000 00663nam a22002657a 4500
003 UA-OsUOA
001 31336
007 ta
008 20041210b un ||||| |||| 00| 0 ukr d
100 _aКульчицький С.В.
700 _aШаповал Ю.І.
700 _aГреченко В.А.
090 _a32:94(477)
_bП50
942 _cBK
040 _aUA-OsUOA
_bukr
_cUA-OsUOA
_dUA-OsUOA
245 _aУтвердження радянського ладу в Україні (1921-1938)
300 _a448 с.
955 _a0
041 _aukr
080 _a32:94(477)
260 _c2003
044 _aUA
650 7 _2UDC
999 _c317759
_d317759